| 000 | 00846nam a2200289 i 4500 | ||
|---|---|---|---|
| 001 | 000004063 | ||
| 003 | DO-SdBNP | ||
| 005 | 20251111074602.0 | ||
| 007 | ta | ||
| 008 | 251111s1993 dr ac r 000 0 spa d | ||
| 040 |
_aDO-SdBNP _bspa _cBNPHU _erda |
||
| 041 | _aspa | ||
| 082 | 4 |
_axxx _bC215 _222 |
|
| 100 | _976556 | ||
| 245 | 1 | 3 |
_aCanciones de ayer y hoy / _cSelección de canciones Abelardo Freites |
| 264 | 1 |
_aSanto Domingo : _bCristal Grafic, _c1993. |
|
| 300 |
_a205 páginas ; _c25 cm. |
||
| 336 |
_atexto _btxt _2rdacontent |
||
| 337 |
_asin mediación _bn _2rdamedia |
||
| 338 |
_avolumen _bnc _2rdacarrier |
||
| 590 | _aInventariado, 2025/DG | ||
| 600 | _976556 | ||
| 651 | 4 |
_aRepública Dominicana _xHistoria _9170 |
|
| 651 | 4 |
_aRepública Dominicana _xPolítica y gobierno _y1930-1961 _9479 |
|
| 910 | _aDG | ||
| 942 |
_2ddc _cLBS1 |
||
| 999 |
_c60024 _d60024 |
||